|
|
|
|
| LEADER |
00000nam a2200000 a 4500 |
| 001 |
vtls010330659 |
| 003 |
SK-MaSNL |
| 005 |
20260302082356.0 |
| 008 |
240314s2008 xr a 000 0 cze |
| 015 |
|
|
|a SNBZSA2012-00485
|
| 020 |
|
|
|a 9788073685225
|q (brož.)
|
| 035 |
|
|
|a 66050BD2-0122-4605-8C2F-C0E99434482D
|
| 035 |
|
|
|a urn:nbn:sk:snk-aml8wj
|
| 035 |
|
|
|a urn:nbn:sk:snk-am008s4r
|
| 040 |
|
|
|a SNK
|b slo
|c SNK
|e AACR2
|
| 041 |
0 |
|
|a cze
|
| 043 |
|
|
|a e------
|a e-xr---
|
| 044 |
|
|
|a xr
|c CZ
|
| 072 |
|
7 |
|a 331
|x Práca
|2 kosnpekt
|
| 072 |
|
7 |
|a 37.016
|x Učebné osnovy. Vyučovacie predmety. Učebnice
|2 kosnpekt
|
| 080 |
|
|
|a 331.5
|x (4)
|x (075.8)
|2 2008
|
| 080 |
|
|
|a (437.3)
|2 2008
|
| 080 |
|
|
|a (4)
|2 2008
|
| 080 |
|
|
|a (075.8)
|2 2008
|
| 100 |
1 |
|
|a Halásková, Renáta
|4 aut
|9 602176
|
| 245 |
1 |
0 |
|a Politika zaměstnanosti
|c Renáta Halásková
|
| 250 |
|
|
|a 1. vyd.
|
| 260 |
|
|
|a Ostrava
|b Ostravská univerzita v Ostravě, Filozofická fakulta
|c 2008
|
| 300 |
|
|
|a 145 s.
|b ilustr.
|c 21 cm
|
| 490 |
1 |
|
|a Spisy Filozofické fakulty Ostravské univerzity
|v č. 177/2008
|
| 500 |
|
|
|a 200 výt.
|
| 504 |
|
|
|a Bibliogr. s. 141-144. Bibliogr. odkazy
|
| 650 |
0 |
7 |
|a politika zamestnanosti
|z krajiny Európskej únie
|2 SNKPh
|9 474033
|
| 650 |
0 |
7 |
|a politika zamestnanosti
|z Česko
|2 SNKPh
|9 749008
|
| 655 |
|
7 |
|a učebnice vysokých škôl
|2 snkph
|9 70191
|
| 810 |
2 |
|
|a Ostravská univerzita.
|b Filozofická fakulta.
|t Spisy
|9 490624
|
| 919 |
|
|
|a 978-80-7368-522-5
|
| 958 |
|
|
|a ZS
|
| 958 |
|
|
|a CZ
|
| 999 |
|
|
|c 1179847
|d 1181777
|
| 952 |
|
|
|a SNK
|b SNK
|y PREZ
|7 0
|p 17A0877520
|o snkSC 148214
|i snk2012/3464
|8 2
|g 3.90
|0 0
|1 0
|4 0
|d 2011-12-14
|f 1
|l 0
|r 2025-07-16 00:00:00
|w 2026-02-24
|